书目信息 |
| 题名: |
物质结构
|
|
| 作者: | 潘道皑 编 | |
| 分册: | ||
| 出版信息: | 北京 高等教育出版社 1989.5 |
|
| 页数: | 639页 | |
| 开本: | 20厘米 | |
| 丛书名: | ||
| 单 册: | ||
| 中图分类: | O552.5 | |
| 科图分类: | ||
| 主题词: | 物质结构--高等学校--教材 | |
| 电子资源: | ||
| ISBN: | 7-04-002115-3 | |
| 000 | 00702nam0 2200253 45 | |
| 001 | 0189009327 | |
| 005 | 20070713104656.87 | |
| 010 | @a7-04-002115-3@dCNY5.30 | |
| 020 | @aCN@b89009327 | |
| 100 | @a19901121d1989 m y0chiy0120 ea | |
| 101 | 0 | @achi |
| 102 | @aCN@b110000 | |
| 105 | @ay j 000yy | |
| 200 | 10 | @a物质结构@Awu zhi jie gou@f潘道皑等编@Fpan dao ai deng bian |
| 205 | @a2版 | |
| 210 | @a北京@c高等教育出版社@d1989.5 | |
| 215 | @a639页@d20厘米 | |
| 300 | @a高等学校教材 | |
| 540 | 1 | @a物质 结构@Awu zhi jie gou |
| 606 | @a物质结构@x高等学校@x教材 | |
| 690 | @aO552.5@v1980 | |
| 701 | 0 | @a潘道皑@Apan dao ai@4编 |
| 801 | 0 | @aCN@bNLC@c20070713 |
| 905 | @f1@b226913@dO552.5@e5=2 | |
| 物质结构/潘道皑等编.-2版.-北京:高等教育出版社,1989.5 |
| 639页;20厘米 |
| 高等学校教材 |
| ISBN 7-04-002115-3:CNY5.30 |
| ● |
| 相关链接 |
|
|
|
|
正题名:物质结构
索取号:O552.5/5=2
 
预约/预借
| 序号 | 登录号 | 条形码 | 馆藏地/架位号 | 状态 | 备注 |
| 1 | 0226910 | 001453885 | 第三借阅区/ [索取号:O552.5/5=2] | 在馆 | |
| 2 | 0226911 | 001453876 | 第三借阅区/ [索取号:O552.5/5=2] | 在馆 | |
| 3 | 0226912 | 001453867 | 第三借阅区/ [索取号:O552.5/5=2] | 在馆 | |
| 4 | 0226913 | 000336737 | 第三借阅区/ [索取号:O552.5/5=2] | 在馆 | |
| 5 | 0226914 | 202121373 | 第二样本阅览室/ [索取号:O552.5/5=2] | 在馆 | |
| 6 | 0767442 | 207674426 | 密集书库/ [索取号:O552.5/5=2] | 在馆 | |
| 7 | 0767443 | 207674435 | 密集书库/ [索取号:O552.5/5=2] | 在馆 | |
| 8 | 0769760 | 207697606 | 密集书库/ [索取号:O552.5/5=2] | 在馆 |